Ejercicios para la adquisición de los conceptos básicos, basados en el test Boehm: cuaderno de ejercicios
Gardado en:
| Main Authors: | , , , |
|---|---|
| Formato: | Libro |
| Idioma: | Lingua castelá |
| Publicado: |
Madrid
TEA
1990
|
| Series: | Intervención Psicopedagógica, 3
|
| Subjects: | |
| Tags: |
Engadir etiqueta
Sen Etiquetas, Sexa o primeiro en etiquetar este rexistro!
|
MARC
| LEADER | 00000nam a2200000 a 4500 | ||
|---|---|---|---|
| 001 | UCN2355 | ||
| 003 | CL-VaPUC | ||
| 008 | 010518e19900000SP |||||||||||||||||spa|d | ||
| 082 | 0 | 4 | |a 370.152 |b BER |2 21 |
| 100 | 0 | |a Bertrán Noguer, Anna |e author |9 458145 | |
| 700 | 0 | |a Clapés Vila, Adelina |e author |9 458146 | |
| 700 | 0 | |a Corominas Causa, Dolores |e author |9 458147 | |
| 700 | |a Gómez Masdevall, María Teresa |e author |9 599026 | ||
| 245 | 1 | 0 | |a Ejercicios para la adquisición de los conceptos básicos, basados en el test Boehm: cuaderno de ejercicios |
| 300 | |a pág. irreg | ||
| 942 | |c BK | ||
| 945 | |d 20010518 00:00:00 |a cmena | ||
| 260 | |a Madrid |b TEA |c 1990 | ||
| 650 | 0 | |a Cognición |9 270347 | |
| 650 | 0 | |a Psicología del aprendizaje |9 306854 | |
| 650 | 0 | |a Métodos de enseñanza |9 270413 | |
| 650 | 0 | |a Niños |9 255605 | |
| 650 | 7 | |a PSICOMOTRICIDAD |2 CL-VaPUC |9 241072 | |
| 650 | 0 | |a Educación especial |9 307486 | |
| 583 | |a last modification |c 20010518 00:00:00 |k Rodrigo Vera | ||
| 490 | 0 | |a Intervención Psicopedagógica, 3 | |
| 999 | |c 295459 |d 295457 | ||
| 952 | |0 0 |1 0 |4 0 |6 370_152000000000000_BER_1990 |7 0 |8 A |9 348489 |a BIBEDU |b BIBEDU |d 2019-11-20 |i 372249K |o 370.152 BER 1990 |p 372249K |r 2019-11-20 |w 2019-11-20 |y BK |k EPE | ||